000 00202 a2200097 4500
001 12960
100 _aCann,J
245 _aGreat Ghost Stories
260 _a
_bChancellor Press
_c
090 _c9959
_d9959
942 _aNUST-CAE
_cM
_c36887
999 _c248033
_d248033